000 00399nam a2200169Ia 4500
008 230524s9999 xx 000 0 und d
020 _a8176567523
082 _a4
_bSIN
100 _aPradeep Ku.Sinha
245 0 _aComputer Fundamentals
260 _aNEW DELHI
_bBPB
_c2003
300 _aXXI;404
500 _aQuantity Number: 161
650 _aComp-Sc
700 _a Pritee Sinha
942 _cBK
999 _c5560
_d5560